000 00567nam a2200181Ia 4500
001 IA_
002 MANUAL DEL MEJORAMIENTO DIARIO
008 220117s xx 000 0 und d
010 _a181961
650 0 _aAmerican literature
_y20th century
_9153260
650 _aEnsayo
_9153131
650 _aEssay
_9153132
650 0 _aLiteratura americana
_ySiglo XX
_9153261
650 _aPersonal growth
_xPsycological aspects
_9153262
650 _aSuperación personal
_xAspectos psicológicos
_9153263
942 _c808.8383 F67 M36 1994
999 _c181961
_d181961